'A' General Knowledge Quiz - Statistics

General Stats
  • This quiz has been taken 788 times
  • The average score is 21 of 30
Answer Stats
Hint Answer % Correct
Swedish group that sung Mama Mia and Dancing Queen ABBA
93%
Highest Grossing Film of all time, directed by James Cameron Avatar
87%
Main Artery of the Human Body, originating from the heart Aorta
86%
Mermaid Princess that stars in Disney's The Little Mermaid Ariel
84%
World's 5th most spoken language Arabic
82%
Class of Animals containing Frogs and Newts Amphibians
81%
Chemical opposite of a Base Acid
80%
19 is the debut album of this British singer Adele
80%
Mythical Sunken Island Atlantis
80%
Confessed to using doping to win the Tour de France 7 times Lance Armstrong
80%
Ancient Central American civilization conquered by Hernan Cortes Aztecs
79%
Group of superheroes including Thor, the Hulk, and Iron Man The Avengers
76%
Capital of the US State of Georgia Atlanta
74%
Spanish or Portuguese word for Naval Fleet Armada
70%
English author of Pride and Prejudice Jane Austen
70%
African nation with capital city Luanda Angola
69%
Noble Gas, number 18 on the Periodic Table Argon
69%
Side of World War Two that fought against the Allies Axis Powers
69%
Legendary Greek Hero that perished in the Trojan War Achilles
66%
High-Security prison from the Harry Potter books Azkaban
66%
Sea between Italy and the Balkan Peninsula Adriatic Sea
65%
Surname of two US Presidents Adams
64%
Greek Inventor who supposedly cried 'Eureka' Archimedes
60%
American 90's Sitcom about a furry brown alien ALF
59%
Small Carribean island nation Antigua and Barbuda
59%
Macedonian General who conquered Persia by age 30 Alexander the Great
57%
Animal whose name means Earth Pig in Afrikaans Aardvark
53%
Summer Olympics sport that South Korea leads in Archery
50%
SI unit of Electric Current named after Frenchman André-Marie Ampère
48%
First man to reach the South Pole Roald Amundsen
40%
No matching quizzes found
Score Distribution
Percent of People with Each Score
Percentile by Number Answered
Your Score History
You have not taken this quiz